000 00539nam a2200217Ia 4500
003 OSt
005 20230316120221.0
008 210423s2007 xx 000 0 und d
020 _a852263074
040 _cAL
041 _aeng
082 _a547.28
_223
_bGOWV
100 _aGOWARIKER (V R);others.
_942230
245 _aPolymer science
260 _aNew Delhi
_bNew Age International
_c2007
300 _axv,505
_bPB
365 _b195
_cINR
650 _aOrganic Synthesis
_942231
906 _aPolymer ; science
942 _2ddc
_cBK
999 _c153645
_d153645